Дорожной месяцослов на 1777 год, (Запись № 9715503)

Подробности
000 -МАРКЕР
контрольное поле 01572nam0a22003371 4500
001 - ИДЕНТИФИКАТОР ЗАПИСИ
контрольное поле RU\NLR\A1\34885
005 - ИДЕНТИФИКАТОР ВЕРСИИ
контрольное поле 20251203152403.2
035 ## - ДРУГИЕ СИСТЕМНЫЕ НОМЕРА
Идентификатор записи (NLR Aleph) 009685003
100 ## - ДАННЫЕ ОБЩЕЙ ОБРАБОТКИ
Данные общей обработки 20100122d1777 u y0rusy50 ca
101 0# - ЯЗЫК РЕСУРСА
Язык текста, звукозаписи и т.д. русский
102 ## - СТРАНА ПУБЛИКАЦИИ ИЛИ ПРОИЗВОДСТВА
Страна публикации российская федерация
200 1# - ЗАГЛАВИЕ И СВЕДЕНИЯ ОБ ОТВЕТСТВЕННОСТИ
Основное заглавие Дорожной месяцослов на 1777 год,
Сведения, относящиеся к заглавию с описанием почтовых станов в Российском государстве
210 ## - ПУБЛИКАЦИЯ, РАСПРОСТРАНЕНИЕ И ДР.
Место издания, распространения и т.д. В Санктпетербурге
Имя издателя, распространителя и т. д. При Императорской Академии наук
Дата издания, распространения и т.д. [1777]
215 ## - ФИЗИЧЕСКАЯ ХАРАКТЕРИСТИКА
Специфическое обозначение материала и объем [22], 77, [3] с., [1] л. карт.
Размеры
310 ## - ПРИМЕЧАНИЯ, ОТНОСЯЩИЕСЯ К ПЕРЕПЛЕТУ И УСЛОВИЯМ ДОСТУПНОСТИ
Текст примечания Тираж 1200 экз.
314 ## - ПРИМЕЧАНИЯ, ОТНОСЯЩИЕСЯ К СВЕДЕНИЯМ ОБ ИНТЕЛЛЕКТУАЛЬНОЙ ОТВЕТСТВЕННОСТИ
Текст примечания Ред. - С.Я.Румовский
315 ## - ПРИМЕЧАНИЯ, ОТНОСЯЩИЕСЯ К СВЕДЕНИЯМ О МАТЕРИАЛЕ (ИЛИ ВИДУ ПУБЛИКАЦИИ)
Текст примечания Карта: "Почтовая карта Российской империи", с подписью: "Грыд. Миха. Махаев"
321 1# - ПРИМЕЧАНИЯ ОБ ОТДЕЛЬНО ИЗДАННЫХ УКАЗАТЕЛЯХ / РЕФЕРАТАХ / ССЫЛКАХ, ОТРАЖАЮЩИХ КАТАЛОГИЗИРУЕМЫЙ ДОКУМЕНТ
Примечания об указателях, рефератах, ссылках СК XVIII. Т.4, 301
518 1# - ЗАГЛАВИЕ В СТАНДАРТНОМ СОВРЕМЕННОМ ПРАВОПИСАНИИ
Основное заглавие, вариант заглавия или унифицированное заглавие Дорожный месяцеслов на 1777 год
620 ## - МЕСТО И ДАТА ПУБЛИКАЦИИ, ИСПОЛНЕНИЯ И Т. Д.
Город Санкт-Петербург
702 #1 - ИМЯ ЛИЦА - ВТОРИЧНАЯ ОТВЕТСТВЕННОСТЬ
Код отношения Гравер, Наборщик нот
Графика поля Кириллица
Материалы, к которым относится поле rus
Начальный элемент ввода Махаев
Часть имени, кроме начального элемента ввода М. И.
Даты 1717-1770
Расширение инициалов личного имени Михаил Иванович
Системный номер авторитетной/нормативной записи 250567
Идентификатор авторитетной/нормативной записи RU\NLR\AUTH\770250623
702 #1 - ИМЯ ЛИЦА - ВТОРИЧНАЯ ОТВЕТСТВЕННОСТЬ
Код отношения Редактор
Графика поля Кириллица
Материалы, к которым относится поле rus
Начальный элемент ввода Румовский
Часть имени, кроме начального элемента ввода С. Я.
Даты 1734-1812
Расширение инициалов личного имени Степан Яковлевич
Системный номер авторитетной/нормативной записи 212512
Идентификатор авторитетной/нормативной записи RU\NLR\AUTH\770212568
712 02 - НАИМЕНОВАНИЕ ОРГАНИЗАЦИИ - ВТОРИЧНАЯ ОТВЕТСТВЕННОСТЬ
Начальный элемент ввода Академическая типография
Идентифицирующий признак Санкт-Петербург
Код отношения Печатник (типограф)
801 #0 - ИСТОЧНИК ЗАПИСИ
Страна российская федерация
Организация NLR
Дата составления 20100122
852 ## - МЕСТОНАХОЖДЕНИЕ И ШИФР ХРАНЕНИЯ
Идентификатор организации NLR
Шифр хранения (Call Number) 138/3052
Публикуемое примечание деф.: отсутствует карта
899 ## - ДАННЫЕ О МЕСТОНАХОЖДЕНИИ (устаревшее)
Местонахождение ГПИБ
942 ## - ДОПОЛНИТЕЛЬНЫЕ ЭЛЕМЕНТЫ ЗАПИСИ (АБИС)
Тип экземпляра АБИС Книга
980 ## - КОЛЛЕКЦИЯ
Название коллекции Национальная библиография
980 ## - КОЛЛЕКЦИЯ
Название коллекции Русская книга гражданской печати XVIII в. в библиотеках РФ

Нет доступных экземпляров.